Basic of income tax(GEC 2)/ (Record no. 12116)

MARC details
000 -LEADER
fixed length control field 00583nam a22002177a 4500
005 - DATE AND TIME OF LATEST TRANSACTION
control field 20250303074758.0
008 - FIXED-LENGTH DATA ELEMENTS--GENERAL INFORMATION
fixed length control field 250303b |||||||| |||| 00| 0 eng d
020 ## - INTERNATIONAL STANDARD BOOK NUMBER
International Standard Book Number 9789355408174
040 ## - CATALOGING SOURCE
Original cataloging agency IN-DiNC
Transcribing agency IN-DiNC
041 ## - LANGUAGE CODE
Language code of sung or spoken text English
082 ## - DEWEY DECIMAL CLASSIFICATION NUMBER
Classification number 336.24
Item number GAU
100 ## - MAIN ENTRY--PERSONAL NAME
Personal name GAUR, V.P.
Relator term Author
245 ## - TITLE STATEMENT
Title Basic of income tax(GEC 2)/
Statement of responsibility, etc. by V.P. Gaur, Rajeev Puri and Puja Gaur
250 ## - EDITION STATEMENT
Edition statement 1st ed.
260 ## - PUBLICATION, DISTRIBUTION, ETC.
Place of publication, distribution, etc. Ludhiana:
Name of publisher, distributor, etc. Kalyani,
Date of publication, distribution, etc. 2024.
300 ## - PHYSICAL DESCRIPTION
Extent 128p.
650 ## - SUBJECT ADDED ENTRY--TOPICAL TERM
Topical term or geographic name entry element Income Tax
700 ## - ADDED ENTRY--PERSONAL NAME
Personal name Rajveer Puri
Relator term Author
700 ## - ADDED ENTRY--PERSONAL NAME
Personal name Puja Gaur
Relator term Author
942 ## - ADDED ENTRY ELEMENTS (KOHA)
Source of classification or shelving scheme Dewey Decimal Classification
Koha item type Books
Holdings
Withdrawn status Lost status Source of classification or shelving scheme Damaged status Not for loan Collection code Home library Current library Shelving location Date acquired Cost, normal purchase price Total Checkouts Full call number Barcode Date due Date last seen Date last checked out Copy number Price effective from Koha item type
    Dewey Decimal Classification     Commerce Naharkatiya College Library Naharkatiya College Library General Stacks 03/03/2025 395.00 6 336.24 GAU 30691 15/05/2026 27/04/2026 27/04/2026 1 03/03/2025 Books
    Dewey Decimal Classification     Commerce Naharkatiya College Library Naharkatiya College Library General Stacks 03/03/2025 395.00 4 336.24 GAU 30692   09/02/2026 30/01/2026 2 03/03/2025 Books
    Dewey Decimal Classification     Commerce Naharkatiya College Library Naharkatiya College Library General Stacks 03/03/2025 395.00 5 336.24 GAU 30693 03/06/2026 15/05/2026 15/05/2026 3 03/03/2025 Books
    Dewey Decimal Classification     Commerce Naharkatiya College Library Naharkatiya College Library General Stacks 03/03/2025 395.00 7 336.24 GAU 30694 15/05/2026 27/04/2026 27/04/2026 4 03/03/2025 Books
    Dewey Decimal Classification     Commerce Naharkatiya College Library Naharkatiya College Library General Stacks 03/03/2025 395.00 5 336.24 GAU 30695 03/06/2026 15/05/2026 15/05/2026 5 03/03/2025 Books

Naharkatiya College © 2020. All rights reserved.

Powered By